Регионална библиотека "Любен Каравелов" - Русе

Случайността е другото име на Бога [видео CD] (Запис номер 227883)

MARC детайли
000 -Лидер
Контролно поле с фиксирана дължина 02550njm a2200493 c 4500
003 - Код на организацията, давaща контролен номер
Контролно поле BLK
005 - Дата и час на последна редакция
Контролно поле 20240624152139.0
008 - Елементи от данни с фиксирана дължина
fixed length control field 180410b bul||n||s|||||||| n|bulo|
010 ## - Наследен системен номер
LC control number CDD00008772000
040 ## - Източник на каталожния запис
Идентификатор на билиотеката - собственик на записа BLK
041 ## - Код за език
Код за езика на текст/звукозапис или на отделно заглавие Български
Код за езика КДБФ Български
072 #7 - Код за тематичната категория
Код организация bullib
Код за тематична категория Ф
Текст Нови некнижни
072 #7 - Код за тематичната категория
Код организация bullib
Код за тематична категория РА
Текст Русенски автори
080 ## - УДК
Текстов определител УДК Актьори, театрални
УДК код - определител по УДК 792.071.2
УДК определител (497.215)(092)
УДК - код + определител 792.071.2(497.215)(092)
080 ## - УДК
Текстов определител УДК Български актьор
УДК код - определител по УДК 929 Чиприянов, Никола Йозов
УДК - код + определител 929 Чиприянов, Никола Йозов
100 ## - Редна дума - Автор
Автор Чиприянов, Никола
Дати, свързани с автора 1945 - 2010
Автор - информация (биография) Български актьор, Русенски драматичен театър "сава Огнянов"
R(LIN) 280572
139 ## - Редно поле
Редна дума Чиприянов, Никола
Авторски знак Чин - Ч 83
245 10 - Сведения за заглавието
Заглавие Случайността е другото име на Бога [видео CD]
Подзаглавни данни Личен архив
Редно поле (дума) Никола Чиприянов; състав. Ана Чиприянова; състав. Мая Ангелова; състав. Мира Живодарова Душкова.
257 ## - Страна на издаване
Страна на създаване/издаване България
260 ## - Област на издателските данни
Име на издателя, разпространителя и проч. Артцентрик
Година на издаване 2015
300 ## - Физическа характеристика
Страници (1,31 GB)
Размери/Мащаб 12 см
380 ## - Жанр
Жанр Изкуство
500 ## - Общи забележки
Забележка Дигитално изд. - Прил. към кн. със същото загл. и сигн. 274007. Съдържа Личен архив ; Аудиозапис Едисон ; Моноспектакъл Поезия до поискване ; Кн. Принцип на синхронността / Н. Чиприянов.
600 14 - Име на лице, използвано като предмет
За него / За нея Чиприянов, Никола Йозов
9 (RLIN) 337293
650 #4 - Допълнително описание по предмет – тема
Основно описание – тема или топоним Чиприянов, Никола Йозов
9 (RLIN) 337293
650 #4 - Допълнително описание по предмет – тема
Основно описание – тема или топоним Актьори, български
9 (RLIN) 263862
650 #4 - Допълнително описание по предмет – тема
Основно описание – тема или топоним Артисти, български
9 (RLIN) 255582
651 #4 - Допълнително описание по предмет - топоним
Географско понятие Русе
9 (RLIN) 179462
651 #4 - Допълнително описание по предмет - топоним
Географско понятие България
9 (RLIN) 241624
653 ## - Ключова дума – ненормативна
Ключова дума Никола Чиприянов
659 ## - Тематичен бюлетин
Тематичен бюлетин Ф
700 1# - Други автори (авторска отговорност)
Лично име Чиприянова, Ана
Автороска отговорност (Описва отношението между автора и произведението) състав.
9 (RLIN) 337292
700 1# - Други автори (авторска отговорност)
Лично име Ангелова, Мая
Автороска отговорност (Описва отношението между автора и произведението) състав.
9 (RLIN) 370793
700 ## - Други автори (авторска отговорност)
Лично име Душкова, Мира Живодарова
Дати, свързани с автора 1974-
9 (RLIN) 268631
760 1# - Описание на основната серия
Редна дума на основното описание Чиприянов, Никола
Заглавие
852 ## - Местоположение
Форматна сигнатура Цб CD 3933
Част 0
852 ## - Местоположение
Форматна сигнатура К 792/Ч 83
856 4# - Електронен адрес и достъп
Електронен формат pdf - файл
Път до файла /url/
856 4# - Електронен адрес и достъп
Електронен формат pdf - файл
Път до файла /url/
999 ## - СИСТЕМНИ КОНТРОЛНИ НОМЕРА
Koha biblionumber 227883
Koha biblioitemnumber 227883
942 ## - АРТИКУЛИ
Вид на библиотечния материал Компактдискове
Скрит в OPAC Не
Периодичен библиозапис Да
944 ## - СЪЗДАВАНЕ И РЕДАКЦИЯ на ЗАПИСА
Създаване/Редакция Създаване
Дата на регистрацията/редакция 28.04.2015
Служител, извършил регистрацията/редакцията 30535
Статус, дата на статуса Христина Везирева
944 ## - СЪЗДАВАНЕ И РЕДАКЦИЯ на ЗАПИСА
Създаване/Редакция Редакция
Дата на регистрацията/редакция 20.05.2015
Служител, извършил регистрацията/редакцията Виолета_Тройчева
999 ## - СИСТЕМНИ КОНТРОЛНИ НОМЕРА
Koha biblioitemnumber 227883
Наличности
Код за отписване Код за изгубен артикул Код за повреда Коз за рестрикции Код за отдаване Артикулен № Име на библиотеката - собственик Име на библиотеката, в която се намира в момента Статус (Текущо местоположение) Дата на вписване в системата Местоположение - отдел Цена в лева Инвентарен номер Систематично азбучна сигнатура Баркод Номер на екземпляра Цена в евро Служебна бележка Служебен тип на артикула Източник на класификационната схема
  Не е изгубен Не е повреден без рестрикции ползва се в читалня 400047 Регионална библиотека "Любен Каравелов" Русе Регионална библиотека "Любен Каравелов" Русе Хранилище 2015-04-27 Основен фонд - ползва се само за читалня 5.00 250000005508 Цб CD 3933 250000005508 1 2.56 Дост: DA Вид: А N: 7 Дата: 27.04.2015 Съставил: Пенка_Димитрова Компактдискове  
Изтеглен Не е изгубен Не е повреден без рестрикции ползва се в читалня 400048 Регионална библиотека "Любен Каравелов" Русе Регионална библиотека "Любен Каравелов" Русе Отдел Изкуство - читалня 2015-04-27 Отдел Изкуство - читалня 5.00 250000005509 Цб CD 3933 250000005509 2 2.56 Дост: DA Вид: А N: 7 Дата: 27.04.2015 Съставил: Пенка_Димитрова Компактдискове Universal Decimal Classification
  Не е изгубен Не е повреден без рестрикции ползва се в читалня 400049 Регионална библиотека "Любен Каравелов" Русе Регионална библиотека "Любен Каравелов" Русе Краезнание 2015-04-27 Краезнание 5.00 250000005510 К 792/Ч 83 250000005510 3 2.56 Дост: DA Вид: А N: 7 Дата: 27.04.2015 Съставил: Пенка_Димитрова Компактдискове  
Vip Innovations Ltd, Rousse, Bulgaria 2025